Report of Conference of Industrialists and Symposium on Nationalised Industries (Record no. 479996)

000 -LEADER
fixed length control field 00435cam a22001217a 4500
008 - FIXED-LENGTH DATA ELEMENTS--GENERAL INFORMATION
fixed length control field 180718b1954 xxu||||| |||| 00| 0 eng d
082 ## - DEWEY DECIMAL CLASSIFICATION NUMBER
Classification number U6x54 In7r
245 ## - TITLE STATEMENT
Title Report of Conference of Industrialists and Symposium on Nationalised Industries
Statement of responsibility, etc. by Institute of Management, Bangalore
260 ## - PUBLICATION, DISTRIBUTION, ETC.
Place of publication, distribution, etc. Bangalore
Name of publisher, distributor, etc. Institute of Management
Date of publication, distribution, etc. 1954
300 ## - PHYSICAL DESCRIPTION
Extent 53p.
650 ## - SUBJECT ADDED ENTRY--TOPICAL TERM
Topical term or geographic name entry element Government enterprise - India
700 ## - ADDED ENTRY--PERSONAL NAME
Personal name Institute of Management
Holdings
Withdrawn status Lost status Damaged status Not for loan Permanent Location Current Location Date acquired Full call number Barcode Date last seen Price effective from Koha item type
        Indian Institute of Public Administration Indian Institute of Public Administration 2018-08-04 U6x54 In7r GR6109 2018-08-04 2018-08-04 GR

Powered by Koha